Университетская книга: информационно-аналитический журнал

Dades bibliogràfiques
Sumari:Печатная подписка НТБ на журнал: 2020-2025 Электронная подписка НТБ на журнал: 2026-
Отраслевое периодическое издание, основной целью которого является освещение вопросов издания и распространения учебной и научной литературы, образовательных процессов, проблем чтения и формирования библиотечных фондов, развития книжного рынка, внедрения инновационных технологий и электронных ресурсов, работы информационно-библиотечных центров и поддержки малотиражных изданий
AM_Agreement
Idioma:rus
Publicat: Москва, ИД "Университетская книга", 1996-
Matèries:
Accés en línia:Официальный сайт журнала
Журнал на платформе eLIBRARY по подписке ТПУ
Format: MixedMaterials Electrònic Publicació Periòdica
KOHA link:https://koha.lib.tpu.ru/cgi-bin/koha/opac-detail.pl?biblionumber=585561

MARC

LEADER 00000nas1a2200000 4500
001 585561
005 20260330161124.0
011 |a 1726-6726 
035 |a (RuTPU)RU\TPU\prd\288011 
035 |a RU\TPU\prd\41977 
090 |a 585561 
100 |a 20200817a19969999km|y0rusy50 ca 
101 0 |a rus 
102 |a RU 
110 |a agaz|||0uu0 
200 1 |a Университетская книга  |e информационно-аналитический журнал 
210 |a Москва  |c ИД "Университетская книга"  |d 1996- 
300 |a Печатная подписка НТБ на журнал: 2020-2025 Электронная подписка НТБ на журнал: 2026-  
305 |a Издается с 1996 г. 
326 |a Периодичность - 10 номеров в год (до 2024 г.). С 2025 г. - 6 выпусков в год 
330 |a Отраслевое периодическое издание, основной целью которого является освещение вопросов издания и распространения учебной и научной литературы, образовательных процессов, проблем чтения и формирования библиотечных фондов, развития книжного рынка, внедрения инновационных технологий и электронных ресурсов, работы информационно-библиотечных центров и поддержки малотиражных изданий 
371 0 |a AM_Agreement 
606 1 |a Библиотечное дело  |2 stltpush  |3 (RuTPU)RU\TPU\subj\28615  |9 52132 
801 1 |a RU  |b 63413507  |c 20060314  |g PSBO 
801 2 |a RU  |b 63413507  |c 20200817  |g PSBO 
856 4 0 |u http://www.unkniga.ru/  |z Официальный сайт журнала 
856 4 0 |u https://elibrary.ru/title_about_new.asp?id=9191  |z Журнал на платформе eLIBRARY по подписке ТПУ 
942 |c CR